| 000 | 00759nam a22001817a 4500 | ||
|---|---|---|---|
| 999 |
_c15032 _d15032 |
||
| 003 | OSt | ||
| 082 | _2631.3 AJI/AP | ||
| 088 | _aP 170 | ||
| 100 |
_aAJITH KUMAR P. S _aGIRISH GOPALAN _93546 |
||
| 245 | _aApplicability evaluation of ASIA miniteller with diesel engine at high range zone of Kerala | ||
| 260 |
_aTavanur 2007 _bKelappaji College of Agricultural Engineering and Technology |
||
| 300 | _a60 | ||
| 500 | _aApplicability evaluation of ASIA miniteller with diesel engine at high range zone of Kerala | ||
| 520 | _aApplicability evaluation of ASIA miniteller with diesel engine at high range zone of Kerala | ||
| 700 |
_aDr. M Sivaswami (Guide) _93547 |
||
| 856 | _uhttps://drive.google.com/open?id=1rKNkzFVDIUNbzGv8lLn0QF-QmyLvJ1OD | ||
| 942 | _cPR | ||